banner koha

Corrida com obstáculos (Registro n. 341235)

MARC details
000 -LÍDER
fixed length control field 00914nab a2200265 4500
003 - CÓDIGO MARC DA AGÊNCIA CATALOGADORA
Campo de controle BR-BrBNA
005 - DATA E HORA DA ÚLTIMA ATUALIZAÇÃO
Campo de controle 20260406220335.0
008 - CAMPO DE TAMANHO FIXO
fixed length control field 260404b bl.||||| |||| 00| 0 por d
040 ## - FONTE DA CATALOGAÇÃO
Agência catalogadora BR-BrBNA
Idioma da catalogação por
072 ## - CATEGORIA AGRIS
Código AGRIS L01 ; Q02 ; Q03 ; Q04 ; L70 ; D50 ; E70 ; E71
Código do objeto 5213 ; 9702
100 ## - ENTRADA PRINCIPAL - NOME PESSOAL
Nome pessoal Alves Neto, José Luiz
245 ## - TÍTULO PRINCIPAL
Título principal Corrida com obstáculos
Subtítulo Especial giro do boi
500 ## - NOTA GERAL
Nota geral 3 illus.
942 ## - ADDED ENTRY ELEMENTS (KOHA)
Koha item type Analítica
650 ## - ASSUNTO - THESAGRO
Cabeçalho tópico ou nome geográfico PECUÁRIA DE CORTE
650 ## - ASSUNTO - THESAGRO
Cabeçalho tópico ou nome geográfico CARNE
650 ## - ASSUNTO - THESAGRO
Cabeçalho tópico ou nome geográfico INSPEÇÃO SANITÁRIA
650 ## - ASSUNTO - THESAGRO
Cabeçalho tópico ou nome geográfico ANÁLISE DE LABORATÓRIO
650 ## - ASSUNTO - THESAGRO
Cabeçalho tópico ou nome geográfico SEGURANÇA ALIMENTAR
650 ## - ASSUNTO - THESAGRO
Cabeçalho tópico ou nome geográfico NORMA
650 ## - ASSUNTO - THESAGRO
Cabeçalho tópico ou nome geográfico EXPORTAÇÃO
650 ## - ASSUNTO - THESAGRO
Cabeçalho tópico ou nome geográfico ESTADOS UNIDOS DA AMÉRICA
773 0# - ENTRADA ANALÍTICA
Host Biblionumber 1706
Registro do item 348155
Imprenta São Paulo-SP Editora Três Ltda - E-mail: luizfsa@revistadinheiro.com.br 2004
Outro identificador 2025-0644
Título Dinheiro Rural (Brazil)
ISSN 1807-3700
Colação v. 10(130) p. 68-69; (Oct 2015)
Número de controle de registro BR2026000454

Nenhum exemplar disponível.

BINAGRI

Telefone: (61)3218-2567/2388/3357/2097 - binagri@agro.gov.br

Ministério da Agricultura e Pecuária , Esplanada dos Ministérios, Bloco D, Anexo B, Brasília/DF, CEP: 70.043-900